000 00483nam a22001697a 4500
005 20251108165959.0
008 250721s1982 xx 000 0 ara d
082 1 4 _aق/تيم
100 1 _aتيمور، أحمد فؤاد
245 1 0 _aأسرار :
_bمجموعة أقاصيص /
264 1 _aالقاهرة :
_bدار المعارف،
_c1982.
300 _a127ص
650 1 7 _aالأدب العربي
650 1 7 _aالأدب القصصي
942 _2ddc
_cBK
999 _c36513
_d36513